000 01076nam a2200289 a 4500
001 BRCA_4397
005 20190320204644.0
008 830225s1975 mx-abcf###---#001-0#spa-#
041 _aspa
044 _amx
050 4 _aF1296
_b.L67 1975
100 1 _aLópez-Portillo y Weber, José
_910109
245 1 0 _aLa rebelión de Nueva Galicia
_cJosé López-Portillo y Weber.
260 _aMéxico
_b[Consorcio Minero Benito Juárez Peña Colorada]
_c1980
300 _axii, 637 p.
_bil. (algunas a color), mapas, retratos
_c24 cm.
440 0 _aColección Peña colorada
_911168
500 _aIncluye índice onomástico e índice geográfico
500 _aTítulo en el lomo: La rebelión de la Nueva Galicia
500 _aColección Sonia Corcuera de Mancera
600 1 4 _aGuzmán, Nuño de
_d16th cent.
_911169
651 4 _aNueva Galicia
_xHistoria
_910110
651 4 _aMéxico
_xHistoria
_yConquista, 1519-1540
_9442
651 4 _aMéxico
_xHistoria
_yColonia española, 1540-1810
_9394
740 0 _aLa rebelión de la Nueva Galicia
902 _aDSC
942 _2lcc
_cB
999 _c4108
_d4108